LEADER 01318nam 2200349Ia 450 001 9910699281003321 005 20230902162120.0 035 $a(CKB)5470000002401093 035 $a(OCoLC)471897730 035 $a(EXLCZ)995470000002401093 100 $a20091201d2004 ua 0 101 0 $aeng 135 $auran||||||||| 181 $ctxt$2rdacontent 182 $cc$2rdamedia 183 $acr$2rdacarrier 200 00$aGuidance for industry$b[electronic resource] $elisted drugs, 30 month stays, and approval of ANDAs and 505(b)(2) applications under Hatch-Waxman, as amended by the Medicare Prescription Drug, Improvement, and Modernization Act of 2003, questions and answers 210 1$aRockville, MD :$cU.S. Dept. of Health and Human Services, Food and Drug Administration, Center for Drug Evaluation and Research,$d[2004] 215 $a1 online resource (12 pages) 300 $a"Draft guidance." 300 $a"OGD." 300 $a"October 2004." 517 $aGuidance for industry 606 $aDrug approval$zUnited States 615 0$aDrug approval 712 02$aCenter for Drug Evaluation and Research (U.S.).$bOffice of Generic Drugs. 801 0$bGPO 801 1$bGPO 906 $aBOOK 912 $a9910699281003321 996 $aGuidance for industry$93434577 997 $aUNINA LEADER 00802nam0 2200253 450 001 9910906501403321 005 20241122090214.0 010 $a978-88-386-5906-5 100 $a20241122d2023---- y kmyy0itay50 ba 101 0 $aita 102 $aIT 105 $ay 001yy 200 1 $aCrowdsourcing, crowdfunding, crypto-token e big data$ela digitalizzazione dei cittadini come risorsa per le organizzazioni$fFrancesco Cappa 210 $aMilano$cMcGraw-Hill$d2023 215 $aXI,147 p.$d22 cm 676 $a658.4038$v23 700 1$aCappa$bFrancesco$0626659 801 0$aIT$bUNINA$gREICAT$2UNIMARC 901 $aBK 912 $a9910906501403321 952 $aAZEGI688A$b5388$fDECBC 959 $aDECBC 996 $aCrowdsourcing, crowdfunding, crypto-token e Big Data$93403255 997 $aUNINA